Culture Générale - Série 2471 - Statistiques

Statistiques générales
  • Ce quiz a été pris 171 fois
  • Le résultat moyen est 5 sur 10
Statistiques - réponses
Question Réponse % Correct
Trouvez le poisson dans l'expression : " muet comme une .... carpe
96%
Trouvez le poisson dans l'expression : "frais comme un .... gardon
91%
De quel pays Podgorica est-il la capitale ? Monténégro
63%
Trouble Envahissant du Développement (TED), également appelé trouble du spectre autistique. Les personnes souffrant de ce trouble présentent des difficultés de communication verbale et non verbale, ont des comportements répétitifs et routiniers et ont des difficultés d'intégration sociale - appelé syndrome d'... Asperger
61%
Comment appelle-t-on un un journaliste rémunéré à la tâche ? pigiste
61%
Quelle est l'unité monétaire de la Roumanie et de la Moldavie ? leu
28%
Equidé hybride issu du croisement d'un étalon et d'une ânesse bardot
27%
Tête, visage (familier) - 8 lettres commençant par " t " trombine
17%
Chambre ou maison sale et sans confort (familier) synonyme de taudis - 5 lettres commençant par " t " turne
15%
L'épeautre est une céréale proche du blé mais vêtue (le grain reste couvert de sa balle lors de la récolte), appelé aussi « blé des ......» voir photo Gaulois
5%
Aucun quiz correspondant
Distribution des résultats
% des personnes avec chaque résultat
Percentile par nombre de réponses
Votre historique - résultats
Vous n’avez pas pris ce quiz